[Event "2014 Server Championship, S40029"]
[Site "CCLA"]
[Date "2014.01.27"]
[Round "?"]
[White "Greene, Sanford I."]
[Black "Cross, Gregory W."]
[Result "1-0"]
[WhiteElo "2375"]
[BlackElo "2172"]

1. d4 f5 2. g3 Nf6 3. Bg2 g6 4. c4 Bg7 5. Nc3 O-O 6. Nf3 d6 7. O-O Qe8 8. 
Bf4 Nc6 9. d5 e5 10. dxe6 Bxe6 11. Nd5 Qd8 12. Bg5 Ne5 13. Nxe5 dxe5 14. 
Qb3 c6 15. Bxf6 Bxf6 16. Nxf6+ Qxf6 17. Qxb7 Rab8 18. Qxc6 Rb6 19. Qa4 
Rxb2 20. Rfb1 Rd2 21. Qxa7 Bxc4 22. Rb6 Qd8 23. Rb7 Rf7 24. Rxf7 Bxf7 25. 
a4 Rxe2 26. a5 Rd2 27. Bf1 Rd7 28. Qe3 Qe7 29. a6 Ra7 30. Ra5 e4 31. Qc3 
f4 32. Rb5 Qd6 33. Qb2 Ra8 34. a7 Rf8 35. Rb8 Bd5 36. Bc4 Bxc4 37. Rxf8+ 
Qxf8 38. Qd4 1-0

[Event "Premier Quad, S40229"]
[Site "CCLA"]
[Date "2014.07.21"]
[Round "?"]
[White "Silverman, Robert"]
[Black "Delgado, Emilio Salvador"]
[Result "1-0"]
[WhiteElo "1871"]
[BlackElo "1634"]

1. d4 f5 2. Nf3 g6 3. g3 Bg7 4. Bg2 Nf6 5. O-O O-O 6. c4 d6 7. Nc3 c6 8. 
Bf4 Nh5 9. Be3 Qc7 10. Qb3 f4 11. Bd2 1-0

[Event "Summer Server Series, S40051"]
[Site "CCLA"]
[Date "2014.07.28"]
[Round "?"]
[White "Holmes, Ross A."]
[Black "Quirk, Michael"]
[Result "1/2-1/2"]
[WhiteElo "2114"]
[BlackElo "2205"]

1. d4 f5 2. g3 Nf6 3. Bg2 e6 4. c4 c6 5. Nc3 d5 6. Nf3 Bd6 7. c5 Bc7 8. 
O-O Ne4 9. Nxe4 dxe4 10. Ne5 Nd7 11. f4 Nxe5 12. dxe5 Qe7 13. Be3 h6 14. 
Qb3 g5 15. Rad1 Qg7 16. Rd4 h5 17. Rfd1 gxf4 18. Bxf4 h4 19. Qc3 Rg8 20. 
a3 hxg3 21. hxg3 Qh7 22. a4 Rg7 23. a5 a6 24. Qb4 Rg8 25. Qd2 Qe7 26. b4 
Rg7 27. Qe1 Qf7 1/2-1/2

[Event "Herbert W. Gustafson Memorial Open, S47119"]
[Site "CCLA"]
[Date "2014.10.27"]
[Round "?"]
[White "Blankenship, Jerry T."]
[Black "Smiley, William R."]
[Result "1-0"]
[WhiteElo "1599"]
[BlackElo "1530"]

1. d4 f5 2. c4 e6 3. g3 Nf6 4. Bg2 Be7 5. Nf3 O-O 6. O-O c6 7. Bf4 d5 8. 
Nbd2 Nbd7 9. Ng5 Nb8 10. Qc2 h6 11. Ngf3 Nbd7 12. Ne5 Qe8 13. Rac1 b6 14. 
cxd5 cxd5 15. Qc6 Ba6 16. Qxe6+ 1-0

[Event "Regular Quad, S40429"]
[Site "CCLA"]
[Date "2014.12.12"]
[Round "?"]
[White "Stevenson, Wayne"]
[Black "Acosta, Errol"]
[Result "1-0"]
[WhiteElo "1540"]
[BlackElo "1365"]

1. d4 e6 2. c4 f5 3. g3 Nf6 4. Bg2 Be7 5. Nc3 O-O 6. Nf3 d6 7. O-O Qe8 8. 
Qc2 a5 9. a3 Qh5 10. Bd2 Nbd7 11. b4 Nb6 12. Nb5 c6 13. Nc7 axb4 14. Nxa8 
Nxa8 15. axb4 Nb6 16. h4 e5 17. dxe5 dxe5 18. Nxe5 Be6 19. Ra7 Bc8 20. 
Nxc6 Re8 21. Nxe7+ Rxe7 22. Bd5+ Be6 23. Bxe6+ Rxe6 24. Rxb7 Qg4 25. c5 
Nbd5 26. c6 h6 27. c7 Nxc7 28. Qxc7 Rxe2 29. Bxh6 Ne8 30. Qf7+ Kh7 31. Bg5
Re4 32. Rb6 1-0

[Event "3rd TCCL Friendly Server Tournament, 3rdTCCL"]
[Site "CCLA"]
[Date "2014.07.10"]
[Round "?"]
[White "Lyons, Anthony W."]
[Black "Latta, David A."]
[Result "1-0"]
[WhiteElo "1287"]
[BlackElo "1350"]

1. d4 g5 2. e4 h6 3. Nf3 Bg7 4. Nc3 Nf6 5. e5 Ng4 6. h3 Nxe5 7. Nxe5 Bxe5 
8. dxe5 e6 9. Bc4 c6 10. O-O d5 11. Bd3 O-O 12. Qh5 Kg7 13. f4 gxf4 14. 
Bxf4 Nd7 15. Qxh6+ Kg8 16. Qh7# 1-0

[Event "2nd TCCL Friendly Server Tournament, 2ndTCCL"]
[Site "CCLA"]
[Date "2014.06.15"]
[Round "?"]
[White "Benson, Katie J."]
[Black "Sherry, Katie P."]
[Result "1/2-1/2"]
[WhiteElo "1194"]
[BlackElo "1301"]

1. e4 b6 2. d4 e6 3. f4 Qh4+ 4. g3 Bb4+ 5. c3 Qf6 6. cxb4 c5 7. bxc5 bxc5 
8. e5 Qe7 9. d5 exd5 10. Qxd5 Nc6 11. Bb5 Bb7 12. Qd6 Qxd6 13. exd6 Nf6 
14. Bxc6 Bxc6 15. Nf3 Bxf3 16. Rf1 Be4 17. f5 Ng4 18. Rf4 Nf6 19. g4 Bxb1 
20. Rxb1 Rb8 21. Rc4 h5 22. g5 Ng4 23. h3 Ne5 24. Re4 O-O 25. Rxe5 f6 26. 
gxf6 Rxf6 27. Bg5 Rxd6 28. Rd1 Rxd1+ 29. Kxd1 Rxb2 30. Rxc5 Rxa2 31. Rc7 
a5 32. Rxd7 Rb2 33. f6 a4 34. Rxg7+ Kf8 35. Bh6 a3 36. Ra7+ Ke8 37. Rxa3 
Kf7 38. Ra5 Kxf6 39. Rxh5 Kg6 40. Rd5 Kxh6 41. Rd2 Rb3 42. Rh2 Rg3 43. Ke1
Kg5 44. h4+ Kg6 45. h5+ Kh6 46. Kf1 Rf3+ 47. Rf2 Rc3 48. Rh2 Rc1+ 49. Kg2 
Rc5 50. Kg3 Rxh5 51. Rxh5+ Kxh5 52. Kg2 1/2-1/2

[Event "Herbert W. Gustafson Memorial Open, S47029"]
[Site "CCLA"]
[Date "2014.10.27"]
[Round "?"]
[White "Anderson, Aaron J."]
[Black "O'Sullivan, Rory"]
[Result "1-0"]
[WhiteElo "2308"]
[BlackElo "2227"]

1. d4 b6 2. e4 Bb7 3. Bd3 e6 4. Ne2 d5 5. e5 Ne7 6. c3 Ng6 7. Ng3 c5 8. h4
cxd4 9. cxd4 Nc6 10. h5 Nge7 11. Be3 Ng8 12. Nd2 Bb4 13. O-O Qh4 14. Nf3 
Qg4 15. a3 Be7 16. Rc1 Nh6 17. Qa4 O-O 18. Rxc6 Bxc6 19. Qxc6 Bh4 20. Nh2 
Rac8 21. Qa4 1-0

[Event "Herbert W. Gustafson Memorial Open, S47029"]
[Site "CCLA"]
[Date "2014.10.27"]
[Round "?"]
[White "Caliguire, John J."]
[Black "O'Sullivan, Rory"]
[Result "1-0"]
[WhiteElo "2233"]
[BlackElo "2227"]

1. e4 b6 2. d4 Bb7 3. Bd3 e6 4. Nf3 Nf6 5. e5 Ne4 6. O-O f5 7. exf6 Nxf6 
8. Re1 Bd6 9. Bg5 O-O 10. Nbd2 h6 11. Bh4 g5 12. Bg3 Bxg3 13. hxg3 Nc6 14.
 c3 Qe7 15. Ne5 Nxe5 16. dxe5 Nd5 17. Qh5 Qf7 18. Qxh6 Qxf2+ 19. Kh2 Kf7 
20. Rf1 Rh8 21. Bh7 Qf5 22. Rxf5+ exf5 23. Qg6+ Ke7 24. Qg7+ Ke6 25. Nf3 
c5 26. Nxg5# 1-0

[Event "Summer Server Series, S40051"]
[Site "CCLA"]
[Date "2014.07.28"]
[Round "?"]
[White "Shannon, Paul D."]
[Black "Holmes, Ross A."]
[Result "0-1"]
[WhiteElo "1832"]
[BlackElo "2114"]

1. e4 b6 2. d4 Bb7 3. Bd3 e6 4. Nf3 c5 5. c3 Nf6 6. Nbd2 cxd4 7. cxd4 Nc6 
8. a3 Be7 9. O-O O-O 10. Re1 h6 11. b4 a6 12. Bb2 Re8 13. Nf1 d6 14. Rc1 
Rc8 15. Bb1 d5 16. e5 Ne4 17. N1d2 Ng5 18. Rc3 Nxf3+ 19. Nxf3 b5 20. Qd3 
g6 21. Rec1 Kg7 22. g3 Qb6 23. R3c2 a5 24. bxa5 Nxa5 25. Rxc8 Bxc8 26. h4 
Ba6 27. Nd2 Nc4 28. Nxc4 bxc4 29. Qc3 Rb8 30. Rc2 Qb3 31. Qxb3 Rxb3 32. 
Ba2 Rd3 33. a4 Bb4 34. Kg2 c3 35. Bc1 Rxd4 0-1

[Event "Premier Quad, S40339"]
[Site "CCLA"]
[Date "2014.10.13"]
[Round "?"]
[White "Anderson, Clarence"]
[Black "Smail, John"]
[Result "0-1"]
[WhiteElo "1798"]
[BlackElo "1836"]

1. e4 Nc6 2. Bb5 Nd4 3. Bc4 b5 4. Bxf7+ Kxf7 5. Qh5+ Kf6 6. Qd5 e5 7. Qxa8
Bc5 8. Kd1 d6 9. Nf3 Ne7 10. d3 Ne6 11. Nc3 c6 12. Qb8 Nc7 13. Nxb5 cxb5 
14. Be3 Bxe3 15. fxe3 Nc6 0-1

[Event "Herbert W. Gustafson Memorial Open, S47079"]
[Site "CCLA"]
[Date "2014.10.27"]
[Round "?"]
[White "Anderson, Clarence"]
[Black "Smail, John"]
[Result "0-1"]
[WhiteElo "1798"]
[BlackElo "1836"]

1. e4 Nc6 2. Bb5 e6 3. d4 a6 4. Bxc6 bxc6 5. Bf4 d5 6. e5 c5 7. c3 Bd7 8. 
dxc5 Bxc5 9. Qg4 Kf8 10. Nd2 Ne7 11. Ne2 Qb8 12. Nb3 Bb6 13. O-O c5 14. 
Rab1 a5 15. Be3 Qa7 16. Ng3 a4 17. Nd2 Bb5 18. c4 Ba6 19. Nh5 Nf5 20. b3 
d4 21. Bf4 Bb7 22. bxa4 Bc6 23. Nf3 Bd8 24. Rb2 g6 25. Nf6 h5 26. Qh3 Qc7 
27. g4 Bxf6 28. gxf5 gxf5 29. Rfb1 Be4 30. Rc1 h4 31. Ne1 Bxe5 32. Bxe5 
Qxe5 33. f3 Bc6 34. Rcb1 Rg8+ 35. Kf1 Qe3 36. Rb8+ Ke7 37. Qxh4+ Kd6 38. 
Rxg8 Rxg8 39. Qf2 Qh6 40. Rb3 e5 41. a5 Qe6 42. Qe2 e4 43. fxe4 fxe4 44. 
Rg3 Rxg3 45. hxg3 d3 46. Nxd3 exd3 47. Qxd3+ Kc7 48. Qb3 Qf5+ 49. Ke1 Qe4+
50. Kd2 Kd7 51. a6 Qf3 52. Ke1 Qxb3 53. axb3 Kc7 54. Kd2 Kb6 55. a7 Ka5 
56. Kc3 Be4 57. Kb2 Kb6 58. Kc3 Kxa7 59. b4 cxb4+ 60. Kxb4 Kb6 61. c5+ Kc6
62. Kc4 Bf3 63. Kd4 Kd7 64. Ke3 Bc6 65. Kf4 Ke6 66. Kg5 Ke5 67. Kh4 Be4 
68. Kg5 Kd5 69. c6 Kxc6 70. Kf6 Bg6 0-1

[Event "2014 Server Championship, S40029"]
[Site "CCLA"]
[Date "2014.01.27"]
[Round "?"]
[White "Galvin, John H."]
[Black "Motta, Paul"]
[Result "1-0"]
[WhiteElo "2191"]
[BlackElo "2418"]

1. e4 Nc6 2. Nf3 d6 3. d4 Nf6 4. Bb5 a6 5. Bxc6+ bxc6 6. Nbd2 g6 7. O-O 
Bg7 8. Re1 O-O 9. Nb3 a5 10. e5 Nd7 11. Bg5 f6 12. exf6 Nxf6 13. Qe2 a4 
14. Nbd2 Qd7 15. Rab1 Ba6 16. c4 h6 17. Bxf6 exf6 18. Qd1 f5 19. Qxa4 g5 
20. Re2 g4 21. Nh4 Bxd4 22. Rbe1 Rfe8 23. Nf1 Rxe2 24. Rxe2 Bf6 25. Ng6 
Bg5 26. g3 h5 27. Nf4 Bxf4 28. gxf4 h4 29. Ne3 1-0

[Event "NA Class D Server Championship, S40139"]
[Site "CCLA"]
[Date "2014.04.30"]
[Round "?"]
[White "Anderson, Lawrence D."]
[Black "Simonson, Jay"]
[Result "0-1"]
[WhiteElo "1365"]
[BlackElo "1364"]

1. e4 Nc6 2. d4 e5 3. dxe5 Nxe5 4. Nf3 Bb4+ 5. c3 Nxf3+ 6. Qxf3 Bc5 7. Bc4
Qf6 8. Qxf6 Nxf6 9. f3 h6 10. Bf4 d6 11. Nd2 Bd7 12. O-O-O Nh5 13. Bg3 O-O
14. Be1 Nf4 15. Nf1 b5 16. Bd5 Rab8 17. g3 Ng2 18. Kb1 Nxe1 19. Rxe1 b4 
20. Kc2 bxc3 21. bxc3 Ba3 22. Rb1 Rxb1 23. Kxb1 Rb8+ 24. Kc2 Rb2+ 25. Kc1 
Rxa2+ 26. Kb1 Rf2 27. f4 Rf3 28. c4 c6 29. Nd2 Rd3 30. Kc2 Re3 31. e5 cxd5
32. cxd5 Bf5+ 0-1

[Event "Premier Quad, S40369"]
[Site "CCLA"]
[Date "2014.11.03"]
[Round "?"]
[White "Stevens, Daniel L."]
[Black "Disque, Philip"]
[Result "0-1"]
[WhiteElo "1771"]
[BlackElo "1669"]

1. e4 Nc6 2. d4 e5 3. d5 Nce7 4. Nf3 Ng6 5. g3 Nf6 6. Nbd2 Bc5 7. Bg2 Ng4 
8. O-O d6 9. Nc4 Bd7 10. Ne3 Qc8 11. Ne1 Nxe3 12. fxe3 O-O 13. Nd3 Bb6 14.
 c4 c6 15. b3 cxd5 16. exd5 a5 17. Kh1 Bg4 18. Qc2 Bh3 19. Bxh3 Qxh3 20. 
Bd2 Rac8 21. a3 Qg4 22. Nf2 Qf3+ 23. Kg1 Bxe3 24. Bxe3 Qxe3 25. Rae1 Qc5 
26. Qf5 Ne7 27. Qg5 Ng6 28. Kg2 Qxa3 29. Ne4 Qxb3 30. Nxd6 f6 31. Qf5 Rc7 
32. h4 Qb2+ 33. Rf2 Qb4 34. Qe6+ Kh8 35. Rfe2 Re7 36. Qg4 Nxh4+ 37. Qxh4 
Qxd6 38. Rb1 Qa3 39. Rh1 h6 40. Qe4 f5 41. Qc2 f4 42. Rf1 Qxg3+ 43. Kh1 
Qh3+ 44. Kg1 Rf5 45. Rg2 f3 0-1

[Event "Herbert W. Gustafson Memorial Open, S47099"]
[Site "CCLA"]
[Date "2014.10.27"]
[Round "?"]
[White "Catania, Duane"]
[Black "Parenteau, Mike"]
[Result "1/2-1/2"]
[WhiteElo "1774"]
[BlackElo "1651"]

1. e4 d5 2. e5 Nc6 3. Nf3 Bg4 4. Bb5 e6 5. h3 Bxf3 6. Qxf3 Ne7 7. O-O g6 
8. d4 a6 9. Bxc6+ Nxc6 10. c3 Bg7 11. Nd2 b5 12. Nb3 O-O 13. Be3 Ne7 14. 
Bg5 h6 15. Bf6 Bxf6 16. Qxf6 Nf5 17. Qxd8 Rfxd8 18. Nc5 c6 19. g4 Ne7 20. 
f4 a5 21. Rf2 Kg7 22. Raf1 b4 23. Nb7 Rd7 24. Nd6 Nc8 25. Nxc8 Rxc8 26. f5
bxc3 27. bxc3 c5 28. fxe6 fxe6 29. h4 cxd4 30. cxd4 Rc4 31. Rd2 a4 32. Rf6
Re7 33. h5 g5 34. Rg6+ Kh7 35. Rf2 Rxd4 36. Rff6 Rxg4+ 37. Kh2 Rh4+ 38. 
Kg3 Rxh5 39. Rxe6 Rxe6 40. Rxe6 d4 41. Rd6 g4 42. e6 Re5 43. Kxg4 d3 44. 
Rxd3 Rxe6 45. Rd7+ Kg6 46. Rd4 Ra6 47. a3 h5+ 1/2-1/2

[Event "Winter Server Series, S40041"]
[Site "CCLA"]
[Date "2014.01.27"]
[Round "?"]
[White "Acosta, Errol"]
[Black "Cain, Larry F."]
[Result "1-0"]
[WhiteElo "1365"]
[BlackElo "1267"]

1. e4 d5 2. e5 e6 3. f4 g6 4. Nf3 Bg7 5. d4 Ne7 6. c3 O-O 7. Bd3 b6 8. O-O
c5 9. Be3 c4 10. Bc2 Nf5 11. Bf2 Nc6 12. Nbd2 Bd7 13. a3 b5 14. b4 cxb3 
15. Bxb3 a5 16. a4 Na7 17. c4 bxc4 18. Bc2 Nc6 19. Nb1 Rb8 20. Na3 Na7 21.
 g4 Nh6 22. h3 Kh8 23. g5 Ng8 24. Nh4 Ne7 25. Bb1 Kg8 26. Nc2 Nac6 27. Ne3
Re8 28. Ng4 Kh8 29. Nf6 Rb3 30. Kg2 Bxf6 31. gxf6 Nf5 32. Nxf5 exf5 33. h4
h5 34. Bc2 Rb2 35. Rb1 Rxb1 36. Bxb1 Kg8 37. Kh3 Qb8 38. Bc2 Qb4 39. Be1 
Qb6 40. Rg1 Nxd4 41. Bf2 Be6 42. Bxd4 Qa6 43. Qxh5 1-0

[Event "3rd TCCL Friendly Server Tournament, 3rdTCCL"]
[Site "CCLA"]
[Date "2014.07.10"]
[Round "?"]
[White "Dressler, River"]
[Black "Benson, Katie J."]
[Result "1-0"]
[WhiteElo "1293"]
[BlackElo "1194"]

1. e4 d5 2. exd5 Qxd5 3. c4 Qa5 4. Nf3 Bg4 5. h3 Bxf3 6. Qxf3 Nf6 7. Bd3 
Nc6 8. O-O O-O-O 9. Re1 Nb4 10. a3 Nxd3 11. Rf1 Nxc1 12. Rxc1 Rxd2 13. 
Nxd2 Qxd2 14. Rd1 Qxb2 15. Qd3 b6 16. Qd8+ Kb7 17. g4 e6 18. g5 Ne4 19. 
Rf1 h6 20. Rad1 Nd6 21. c5 bxc5 22. Rb1 1-0

[Event "NA Class C Server Championship, S40129"]
[Site "CCLA"]
[Date "2014.04.30"]
[Round "?"]
[White "Smiley, William R."]
[Black "Cangelosi, Dominic"]
[Result "1-0"]
[WhiteElo "1530"]
[BlackElo "1415"]

1. e4 d5 2. exd5 Qxd5 3. Nc3 Qd8 4. d4 Nf6 5. Nf3 e6 6. Bg5 Be7 7. Be2 O-O
8. O-O Nbd7 9. Re1 b6 10. h3 Bb7 11. Bc4 c5 12. Ne5 Nd5 13. Bxe7 Qxe7 14. 
Bxd5 Bxd5 15. Nxd5 exd5 16. Ng6 Qg5 17. Nxf8 Rxf8 18. c3 f5 19. dxc5 Nxc5 
20. Qxd5+ 1-0

[Event "NA Class C Server Championship, S40129"]
[Site "CCLA"]
[Date "2014.04.30"]
[Round "?"]
[White "Stroup, Jim"]
[Black "Cangelosi, Dominic"]
[Result "1-0"]
[WhiteElo "1768"]
[BlackElo "1415"]

1. e4 d5 2. exd5 Qxd5 3. Nc3 Qd8 4. d4 Nf6 5. Nf3 Nc6 6. Bc4 e6 7. O-O Be7
8. Bf4 O-O 9. Re1 Bd6 10. Ne5 Qe7 11. Bb5 Bxe5 12. dxe5 Nd5 13. Nxd5 exd5 
14. Qxd5 Be6 15. Qe4 Bd7 16. Rad1 Rad8 17. Bd3 g6 18. Bh6 Rfe8 19. Qf4 Be6
20. Bg5 Qb4 21. Qxb4 Nxb4 22. Bxd8 Rxd8 23. a3 Nc6 24. Be4 Rb8 25. Bxc6 
bxc6 26. b3 Rf8 27. Rd2 1-0

[Event " NA Class A Server Championship, S40109"]
[Site "CCLA"]
[Date "2014.04.30"]
[Round "?"]
[White "Ramsden, Jim E."]
[Black "Anderson, Clarence"]
[Result "1/2-1/2"]
[WhiteElo "1836"]
[BlackElo "1798"]

1. e4 d5 2. exd5 Qxd5 3. Nc3 Qd6 4. d4 e5 5. Nf3 exd4 6. Nxd4 c6 7. Ne4 
Qd5 8. Nc3 Bb4 9. Qd3 Nf6 10. Bd2 Bxc3 11. Bxc3 Qe4+ 12. Qxe4+ Nxe4 13. 
Bd2 Nxd2 14. Kxd2 O-O 15. Rd1 Bg4 16. f3 Bh5 17. Kc1 Rd8 18. Bc4 Nd7 19. 
Rhe1 Nb6 20. Bb3 Bg6 21. Re7 Rab8 22. c3 Re8 23. Rde1 Rxe7 24. Rxe7 Kf8 
25. Re3 Rd8 26. Bc2 1/2-1/2

[Event "Winter Server Series, S40031"]
[Site "CCLA"]
[Date "2014.01.27"]
[Round "?"]
[White "Hadley, Douglas R."]
[Black "Nurmi, Ronald"]
[Result "1-0"]
[WhiteElo "1576"]
[BlackElo "1438"]

1. e4 d5 2. exd5 Qxd5 3. Nc3 Qd6 4. d4 Nf6 5. Nf3 c6 6. Ne5 Nbd7 7. Bf4 
Nd5 8. Bg3 Nxc3 9. bxc3 Nxe5 10. Bxe5 Qa3 11. d5 f6 12. Bd4 c5 13. Bb5+ 
Bd7 14. Bxd7+ Kxd7 15. Be3 Qxc3+ 16. Bd2 Qe5+ 17. Be3 e6 18. dxe6+ Kxe6 
19. O-O Kf7 20. Qd7+ Qe7 21. Rad1 b6 22. Qd5+ 1-0

[Event "Winter Server Series, S40021"]
[Site "CCLA"]
[Date "2014.01.27"]
[Round "?"]
[White "Disque, Philip"]
[Black "Anderson, Clarence"]
[Result "0-1"]
[WhiteElo "1669"]
[BlackElo "1798"]

1. e4 d5 2. exd5 Qxd5 3. Nc3 Qd6 4. d4 Nf6 5. Nf3 a6 6. Ne5 Nc6 7. Bf4 Bf5
8. Bc4 e6 9. O-O Qxd4 10. Qxd4 Nxd4 11. Rad1 c5 12. Bd3 Nxc2 13. Bxf5 exf5
14. Nc4 Be7 15. Nd6+ Bxd6 16. Bxd6 b6 17. Nd5 Nxd5 18. Rxd5 O-O-O 19. Rfd1
Rhe8 20. R5d2 Nd4 21. Bg3 Ne2+ 22. Kf1 Nxg3+ 23. fxg3 Rxd2 24. Rxd2 Kc7 
25. Kf2 h5 26. Rd5 g6 27. Rd3 Re7 28. Ra3 a5 29. h3 c4 30. Rc3 b5 31. a4 
Kb6 32. axb5 Kxb5 33. Kf3 f6 34. Re3 Rxe3+ 35. Kxe3 Kb4 36. Kd2 Kb3 37. 
Kc1 c3 38. bxc3 Kxc3 0-1

[Event "NA Class C Server Championship, S40129"]
[Site "CCLA"]
[Date "2014.04.30"]
[Round "?"]
[White "Stroup, Jim"]
[Black "Nurmi, Ronald"]
[Result "1-0"]
[WhiteElo "1768"]
[BlackElo "1438"]

1. e4 d5 2. exd5 Qxd5 3. Nc3 Qd6 4. d4 Nf6 5. Nf3 c6 6. Ne5 Nbd7 7. Nc4 
Qc7 8. Qf3 Nb6 9. Bf4 Qd7 10. O-O-O Qg4 11. Qxg4 Bxg4 12. f3 Be6 13. Nxb6 
axb6 14. Bc7 b5 15. d5 Bd7 16. a3 e6 17. dxe6 fxe6 18. Bd3 b4 19. axb4 
Bxb4 20. Kd2 Nd5 21. Be5 Nxc3 22. Bxc3 Bxc3+ 23. Kxc3 c5 24. Be4 O-O-O 25.
 Kc4 b6 26. Ra1 Kc7 27. Ra7+ Kb8 28. Rha1 Bc8 29. Kb5 Rd6 30. Ra8+ Kc7 31.
 R1a7+ Kd8 32. Bc6 g6 33. Kxb6 1-0

[Event "Summer Server Series, S40081"]
[Site "CCLA"]
[Date "2014.07.28"]
[Round "?"]
[White "Blankenship, Jerry T."]
[Black "Nurmi, Ronald"]
[Result "1/2-1/2"]
[WhiteElo "1599"]
[BlackElo "1438"]

1. e4 d5 2. exd5 Qxd5 3. Nc3 Qd6 4. d4 Nf6 5. Be2 c6 6. Nf3 Bf5 7. O-O 
Nbd7 8. Re1 e6 9. Nh4 Bg6 10. g3 Qc7 11. Nxg6 hxg6 12. a3 Bd6 13. Bf3 O-O 
14. Ne4 Nxe4 15. Bxe4 Nf6 16. Bf3 Rae8 17. c4 c5 18. d5 exd5 19. Rxe8 Rxe8
20. cxd5 Nd7 21. Be3 Ne5 22. Be2 b6 23. Rc1 Qb7 24. Kg2 Rd8 25. f4 Nd7 26.
 Bf3 Nf6 27. g4 Qe7 28. Rc3 Rd7 29. Qd3 Kf8 30. g5 Ng8 31. h4 1/2-1/2

[Event "Herbert W. Gustafson Memorial, S47149"]
[Site "CCLA"]
[Date "2014.10.27"]
[Round "?"]
[White "Luna, Joseph"]
[Black "Nurmi, Ronald"]
[Result "1-0"]
[WhiteElo "1510"]
[BlackElo "1438"]

1. e4 d5 2. exd5 Qxd5 3. Nc3 Qd6 4. d4 Nf6 5. Nf3 c6 6. Ne5 Nbd7 7. Nc4 
Qc7 8. Qf3 Nb6 9. Bf4 Qd7 10. Nxb6 axb6 11. O-O-O e6 12. Be5 Be7 13. Bd3 
O-O 14. Qh3 g6 15. Qh6 Ne8 16. h4 Bf6 17. h5 Bxe5 18. dxe5 Qc7 19. hxg6 
fxg6 20. Bxg6 hxg6 21. Qh8+ 1-0

[Event "Winter Server Series, S40031"]
[Site "CCLA"]
[Date "2014.01.27"]
[Round "?"]
[White "Smiley, William R."]
[Black "Nurmi, Ronald"]
[Result "1/2-1/2"]
[WhiteElo "1530"]
[BlackElo "1438"]

1. e4 d5 2. exd5 Qxd5 3. Nc3 Qd6 4. Nf3 Nf6 5. d4 c6 6. Ne5 Nbd7 7. Bf4 
Nd5 8. Bg3 Nxc3 9. bxc3 Nxe5 10. Bxe5 Qa3 11. d5 f6 12. dxc6 bxc6 13. Bd4 
c5 14. Bb5+ Kf7 15. Qh5+ g6 16. Qxc5 Qxc5 17. Bxc5 Bf5 18. Bd3 Rc8 19. Bb4
Be6 20. O-O Bh6 21. f4 f5 22. a4 Bg7 23. Ra3 Rhd8 24. a5 1/2-1/2

[Event " NA Class A Server Championship, S40109"]
[Site "CCLA"]
[Date "2014.04.30"]
[Round "?"]
[White "Bapple, Edward C."]
[Black "Anderson, Clarence"]
[Result "1-0"]
[WhiteElo "1979"]
[BlackElo "1798"]

1. e4 d5 2. exd5 Qxd5 3. Nc3 Qd6 4. g3 c6 5. Bg2 Bf5 6. Nf3 Nd7 7. O-O h6 
8. d3 g5 9. Be3 Bg7 10. Re1 Ngf6 11. Rb1 Ng4 12. Qe2 Nxe3 13. Qxe3 Bf6 14.
 Ne4 Bxe4 15. dxe4 Ne5 16. Rbd1 Qc7 17. c3 g4 18. Nxe5 Bxe5 19. Rd3 f6 20.
 Red1 Bd6 21. b4 Qb6 22. Qe2 h5 23. e5 fxe5 24. Rxd6 exd6 25. Rxd6 O-O 26.
 Rg6+ Kf7 27. Qe4 Rae8 28. Qf5+ Ke7 29. Rg7+ 1-0

[Event " NA Class A Server Championship, S40109"]
[Site "CCLA"]
[Date "2014.04.30"]
[Round "?"]
[White "Shannon, Paul D."]
[Black "Anderson, Clarence"]
[Result "1/2-1/2"]
[WhiteElo "1832"]
[BlackElo "1798"]

1. e4 d5 2. exd5 Qxd5 3. Nc3 Qd6 4. Nf3 Nf6 5. d4 a6 6. Be3 b5 7. Be2 Bb7 
8. O-O Ng4 9. g3 Nxe3 10. fxe3 Qh6 11. Qd2 Nd7 12. Bd3 e6 13. Qf2 Nf6 14. 
Ne5 Be7 15. Rae1 O-O 16. e4 Bd6 17. Nxf7 Rxf7 18. e5 Raf8 19. exf6 Rxf6 
20. Qe3 Qh3 21. Ne4 Bxe4 22. Qxe4 Bxg3 23. Qxh7+ Qxh7 1/2-1/2

[Event "Premier Quad, S40369"]
[Site "CCLA"]
[Date "2014.11.03"]
[Round "?"]
[White "Stevens, Daniel L."]
[Black "Parenteau, Mike"]
[Result "1-0"]
[WhiteElo "1771"]
[BlackElo "1651"]

1. e4 d5 2. exd5 Qxd5 3. Nc3 Qd6 4. d4 a6 5. Be2 Nf6 6. Be3 e6 7. Bf3 Nd5 
8. Nxd5 exd5 9. Ne2 Be7 10. O-O c6 11. Bf4 Qg6 12. Ng3 h5 13. Bxh5 Qh7 14.
 h3 Be6 15. Bg4 Nd7 16. Bxe6 fxe6 17. Re1 Nf8 18. Re2 Kd7 19. c4 g5 20. 
Be5 Rg8 21. Qb3 b5 22. cxd5 cxd5 23. Rc1 Ra7 24. Qc3 Ke8 25. Qc8+ Kf7 26. 
Bc7 Rg6 27. Qb8 Rxc7 28. Rxc7 Rh6 29. Qb7 Ng6 30. Nf5 1-0

[Event "NA Class B Server Championship, S40119"]
[Site "CCLA"]
[Date "2014.04.30"]
[Round "?"]
[White "Fausey, Verna M."]
[Black "Disque, Philip"]
[Result "1/2-1/2"]
[WhiteElo "1747"]
[BlackElo "1669"]

1. e4 d5 2. exd5 Qxd5 3. Nc3 Qd6 4. d4 Nf6 5. Bg5 h6 6. Nb5 Qe6+ 7. Be3 
Na6 8. Ne2 Nd5 9. Bd2 c6 10. Na3 Nab4 11. Bc1 Bd7 12. c3 Na6 13. c4 Ndb4 
14. Be3 Qf5 15. Nc3 e6 16. g4 Qa5 17. c5 b5 18. cxb6 Qxb6 19. Nc4 Qc7 20. 
Ne4 Be7 21. a3 Nd5 22. Qa4 Nxe3 23. fxe3 Nb8 24. Qc2 Bh4+ 25. Kd2 Be7 26. 
Kc1 f5 27. Nc5 O-O 28. Ne5 Bxc5 29. Nxd7 Nxd7 30. dxc5 Qe5 31. Bg2 Qxc5 
32. Qxc5 Nxc5 33. Kc2 fxg4 34. Rhf1 Rxf1 35. Rxf1 Rf8 36. Rxf8+ Kxf8 37. 
Bxc6 Ke7 38. b4 Kd6 39. Bg2 Na6 40. Bf1 Nb8 41. Be2 h5 42. e4 g6 43. Kd3 
Nc6 44. Ke3 e5 45. Bd3 Nd4 46. Kf2 Ne6 47. Bc4 Nf4 48. Kg3 g5 49. Bb5 Kc7 
1/2-1/2

[Event "Summer Server Series, S40081"]
[Site "CCLA"]
[Date "2014.07.28"]
[Round "?"]
[White "Smiley, William R."]
[Black "Nurmi, Ronald"]
[Result "0-1"]
[WhiteElo "1530"]
[BlackElo "1438"]

1. e4 d5 2. exd5 Qxd5 3. Nc3 Qd6 4. Nf3 Nf6 5. d4 c6 6. Ne5 Nbd7 7. Bf4 
Nd5 8. Bg3 Nxc3 9. bxc3 Nxe5 10. Bxe5 Qa3 11. d5 Qa5 12. Bc4 f6 13. Qf3 
cxd5 14. Bxd5 fxe5 15. Qh5+ Kd8 16. Qxe5 Qc7 17. Qd4 Bd7 18. Rd1 e5 19. 
Qd2 Kc8 20. Rb1 Bc6 21. Be6+ Bd7 22. Bxd7+ Qxd7 23. Qxd7+ Kxd7 24. Rxb7+ 
Kc6 25. Rb3 Bd6 26. Ke2 Rhf8 27. Rhb1 Rab8 28. h3 g6 29. g4 Rb6 30. Rg1 
Bc5 31. Rf1 e4 32. a4 Rf3 0-1

[Event "Herbert W. Gustafson Memorial, S47149"]
[Site "CCLA"]
[Date "2014.10.27"]
[Round "?"]
[White "Klapczynski, Lukasz"]
[Black "Nurmi, Ronald"]
[Result "0-1"]
[WhiteElo "1363"]
[BlackElo "1438"]

1. e4 d5 2. exd5 Qxd5 3. Nc3 Qd6 4. d4 Nf6 5. Nb5 Qb6 6. Bf4 Nd5 7. Qf3 c6
8. a4 Nxf4 9. Qxf4 cxb5 10. Bxb5+ Bd7 11. Nf3 Bxb5 12. axb5 Qxb5 13. Ne5 
f6 14. Nd3 e6 15. O-O Be7 16. Rab1 Nc6 17. b3 O-O 18. c4 Qb6 19. c5 Qd8 
20. b4 Qxd4 21. Qxd4 Nxd4 22. b5 Rfc8 23. c6 bxc6 24. bxc6 Rxc6 25. Rb7 
Kf7 26. Rd1 e5 27. Nb4 Rd6 28. Kf1 Rb6 29. Rxb6 axb6 30. g3 Bxb4 31. Rb1 
Bc5 32. f4 Ra2 33. h4 Nf3 34. Rd1 Rf2# 0-1

[Event "Summer Server Series, S40081"]
[Site "CCLA"]
[Date "2014.07.28"]
[Round "?"]
[White "Acosta, Errol"]
[Black "Nurmi, Ronald"]
[Result "0-1"]
[WhiteElo "1365"]
[BlackElo "1438"]

1. e4 d5 2. exd5 Qxd5 3. Nc3 Qd6 4. d4 Nf6 5. f4 Bg4 6. Nf3 e6 7. Be3 c6 
8. Bd3 Nbd7 9. O-O Be7 10. h3 Bxf3 11. Qxf3 O-O 12. Rae1 Qc7 13. g4 c5 14.
 g5 Ne8 15. Ne4 g6 16. c3 Ng7 17. h4 b6 18. Kg2 Rad8 19. Nd2 Rfe8 20. Nc4 
Bf8 21. Ne5 cxd4 22. cxd4 Nxe5 23. fxe5 Nf5 24. Bxf5 exf5 25. Rf2 Rc8 26. 
Kg3 Qc6 27. Qf4 Rcd8 28. h5 Rd7 29. Rc1 Qd5 30. a3 Re6 31. h6 Rc6 32. Rfc2
Rdc7 33. Rxc6 Rxc6 34. Rxc6 Qxc6 35. Qf2 a6 36. d5 Qxd5 37. Bxb6 Qb3+ 38. 
Kf4 Qc4+ 39. Bd4 Bc5 40. b3 Qxd4+ 41. Qxd4 Bxd4 42. a4 a5 43. Kf3 Bxe5 44.
 Ke3 f6 0-1